| 000 | 00430nam a2200133Ia 4500 | ||
|---|---|---|---|
| 008 | 231221s9999 xx 000 0 und d | ||
| 020 | _a978-0-387-37876-3 | ||
| 041 | _aEnglish | ||
| 100 | _aJacques Berleur, Markku I. Nurminen, John Impagliazzo | ||
| 245 | 0 | _aSocial Informatics: An Information Society for all? In Remembrance of Rob Kling | |
| 260 |
_c2006 _bSpringer US _aNew York |
||
| 650 | _aComputer Science | ||
| 942 | _cEB | ||
| 999 |
_c218169 _d218169 |
||